<?xml version="1.0" encoding="UTF-8"?>
<record
    xmlns:xsi="http://www.w3.org/2001/XMLSchema-instance"
    xsi:schemaLocation="http://www.loc.gov/MARC21/slim http://www.loc.gov/standards/marcxml/schema/MARC21slim.xsd"
    xmlns="http://www.loc.gov/MARC21/slim">

  <leader>01693nam a22003015i 4500</leader>
  <controlfield tag="001">162686</controlfield>
  <controlfield tag="003">ES-MaACL</controlfield>
  <controlfield tag="005">20250808063541.0</controlfield>
  <controlfield tag="008">050620s1897    sp     | |||||||| ||spa d</controlfield>
  <datafield tag="040" ind1=" " ind2=" ">
    <subfield code="a">CAM </subfield>
    <subfield code="b">spa </subfield>
    <subfield code="c">CAM</subfield>
  </datafield>
  <datafield tag="080" ind1=" " ind2=" ">
    <subfield code="a">908(460.41)"18"</subfield>
  </datafield>
  <datafield tag="080" ind1=" " ind2=" ">
    <subfield code="a">913(460.41)"18"</subfield>
  </datafield>
  <datafield tag="100" ind1="1" ind2=" ">
    <subfield code="a">Puerta Canseco, Juan de la,</subfield>
    <subfield code="d">1827-1902</subfield>
    <subfield code="e">aut</subfield>
    <subfield code="9">94174</subfield>
  </datafield>
  <datafield tag="245" ind1="1" ind2="0">
    <subfield code="a">Descripci&#xF3;n geogr&#xE1;fica de las islas Canarias / </subfield>
    <subfield code="c">por D. Juan de la Puerta Canseco</subfield>
  </datafield>
  <datafield tag="250" ind1=" " ind2=" ">
    <subfield code="a">Nueva ed. corr. y aum.</subfield>
  </datafield>
  <datafield tag="260" ind1=" " ind2=" ">
    <subfield code="a">Santa Cruz de Tenerife : </subfield>
    <subfield code="b">Anselmo J. Ben&#xED;tez,</subfield>
    <subfield code="c">1897</subfield>
  </datafield>
  <datafield tag="300" ind1=" " ind2=" ">
    <subfield code="a">92 p&#xE1;ginas, [25] hojas de l&#xE1;minas, [1] hoja plegada de mapa ; </subfield>
    <subfield code="c">22 cm</subfield>
  </datafield>
  <datafield tag="530" ind1=" " ind2=" ">
    <subfield code="a">Disponible en formato digital </subfield>
  </datafield>
  <datafield tag="599" ind1=" " ind2=" ">
    <subfield code="a">L&#xE1;minas, fotograf&#xED;as de: Santa Cruz de Tenerife; Teide (Volc&#xE1;n); Santa Cruz de Tenerife (Puerto); Santa Cruz de Tenerife; La Laguna (Tenerife); La Orotava (Valle); La Orotava (Tenerife); Tenerife; Gran Canaria (Puerto); Gran Canaria; p. 54. Gando (Gran Canaria); Las Palmas de Gran Canaria; Tafira (Gran Canaria); Santa Mar&#xED;a de Gu&#xED;a (Gran Canaria); Gran Canaria. Fabrica azucarera; Santa Cruz de la Palma (La Palma); La Caldera de Taburiente (Parque nacional); Arrecife (Lanzarote); Puerto del Rosario (Fuerteventura); San Sebasti&#xE1;n de la Gomera; Valverde (Hierro) </subfield>
  </datafield>
  <datafield tag="599" ind1=" " ind2=" ">
    <subfield code="a">Mapa del archipi&#xE9;lago canario: islas Canarias</subfield>
  </datafield>
  <datafield tag="651" ind1=" " ind2="4">
    <subfield code="a">Canarias-</subfield>
    <subfield code="x">Descripci&#xF3;n-</subfield>
    <subfield code="y">S.XIX</subfield>
    <subfield code="9">241649</subfield>
  </datafield>
  <datafield tag="852" ind1=" " ind2=" ">
    <subfield code="a">ES-MaACL</subfield>
    <subfield code="c">DEPOF</subfield>
    <subfield code="j">1597-F-11 </subfield>
  </datafield>
  <datafield tag="856" ind1="4" ind2=" ">
    <subfield code="u">https://bdh-rd.bne.es/viewer.vm?id=0000000215&amp;page=1</subfield>
    <subfield code="y">Versi&#xF3;n en l&#xED;nea </subfield>
    <subfield code="z">(Biblioteca Digital Hisp&#xE1;nica)</subfield>
  </datafield>
  <datafield tag="942" ind1=" " ind2=" ">
    <subfield code="2">udc</subfield>
    <subfield code="c">FOLLETOS</subfield>
    <subfield code="n">0</subfield>
  </datafield>
  <datafield tag="999" ind1=" " ind2=" ">
    <subfield code="c">162686</subfield>
    <subfield code="d">162686</subfield>
  </datafield>
  <datafield tag="952" ind1=" " ind2=" ">
    <subfield code="0">0</subfield>
    <subfield code="1">0</subfield>
    <subfield code="2">udc</subfield>
    <subfield code="4">0</subfield>
    <subfield code="7">0</subfield>
    <subfield code="8">Colecci&#xF3;n_digital</subfield>
    <subfield code="a">ATENEOM</subfield>
    <subfield code="b">ATENEOM</subfield>
    <subfield code="c">DEPOF</subfield>
    <subfield code="d">2008-01-17</subfield>
    <subfield code="l">0</subfield>
    <subfield code="o">1597-F-11</subfield>
    <subfield code="p">1170441</subfield>
    <subfield code="r">2023-02-23 00:00:00</subfield>
    <subfield code="w">2023-02-23</subfield>
    <subfield code="y">FOLLETOS</subfield>
  </datafield>
</record>
